| 000 | 01352cam a22002775a 4500 | ||
|---|---|---|---|
| 001 | L158199 | ||
| 008 | 141013s2011 xxk f 000 0 eng d | ||
| 035 | _a(Sirsi) u158199 | ||
| 041 | 0 | _aeng | |
| 050 | 0 | 4 | _a346.4104342 $2 18 |
| 110 | 2 |
_aAssociation of Professional Inventory Providers _96142 |
|
| 245 | 0 | 2 | _aA guide to best practice for inventory providers |
| 260 |
_aAmersham _bAPIP _c2011 |
||
| 300 |
_a114p. _c30cm. + _e1 CD-ROM |
||
| 520 | _aAims to provide a benchmark standard for all those involved in the provision of inventories and schedules of condition in the residential lettings sector. Includes guidance notes and self test questions on various aspects including: the contents of a comprehensive inventory; why a schedule of condition is needed; how to carry out an inventory; how to obtain agreement from landlord and tenant; and the implications of tenancy deposit protection. | ||
| 520 | _aAccompanying CD ROM with worked examples and photographs kept separately in reading room. | ||
| 590 | _aKA | ||
| 650 | 2 | 4 | _aHOUSING ACT 2004 |
| 651 | 4 |
_aEngland and Wales _y1543- |
|
| 690 |
_aLandlord and tenant _96252 |
||
| 690 |
_aResidential property _96266 |
||
| 710 | 2 |
_aAsset Skills _95165 |
|
| 710 | 2 |
_aNational Association of Estate Agents _9886 |
|
| 710 | 2 |
_aRoyal Institution of Chartered Surveyors _94900 |
|
| 942 | _n0 | ||
| 999 |
_c115195 _d115195 |
||